Detalles MARC
| 000 -CABECERA |
| campo de control de longitud fija |
00997nam a2200193 a 4500 |
| 001 - NÚMERO DE CONTROL |
| campo de control |
000045102 |
| 005 - FECHA Y HORA DE LA ÚLTIMA TRANSACCIÓN |
| campo de control |
20201002045859.0 |
| 008 - DATOS DE LONGITUD FIJA--INFORMACIÓN GENERAL |
| campo de control de longitud fija |
150202s2010 bl 000 0 spa d |
| 020 ## - NÚMERO INTERNACIONAL ESTÁNDAR DEL LIBRO |
| Número Internacional Estándar del Libro |
9788570193124 |
| 040 ## - FUENTE DE LA CATALOGACIÓN |
| Centro catalogador/agencia de origen |
DO-SdBNP |
| Lengua de catalogación |
spa |
| Centro/agencia transcriptor |
BNPHU |
| 082 ## - NÚMERO DE LA CLASIFICACIÓN DECIMAL DEWEY |
| Número de clasificación |
xxxx |
| Número de documento/Ítem |
xxxx |
| 245 00 - MENCIÓN DE TÍTULO |
| Título |
Depois do muro / |
| Mención de responsabilidad, etc. |
Laymert Garcia dos Santos ... [et al.]. |
| 260 ## - PUBLICACIÓN, DISTRIBUCIÓN, ETC. |
| Lugar de publicación, distribución, etc. |
Brasil : |
| Nombre del editor, distribuidor, etc. |
Fundação Joaquim Nabuco, |
| -- |
Massangana, |
| Fecha de publicación, distribución, etc. |
2010. |
| 300 ## - DESCRIPCIÓN FÍSICA |
| Extensión |
128 p. : |
| Otras características físicas |
il. ; |
| Dimensiones |
17 cm. |
| 490 1# - MENCIÓN DE SERIE |
| Mención de serie |
Estudos da cultura |
| -- |
encontros |
| Designación de volumen o secuencia |
2 |
| 505 0# - NOTA DE CONTENIDO CON FORMATO |
| Título |
Depois do muro : a geopolítica das artes / |
| Mención de responsabilidad |
Cristiana Tejo -- |
| Título |
Como a arte global transforma a arte étnica / |
| Mención de responsabilidad |
Laymert Garcia dos Santo -- |
| Título |
Contatos, efeitos / |
| Mención de responsabilidad |
Ricardo Basbaum -- |
| Título |
Muros caídos muros erguidos / |
| Mención de responsabilidad |
Nelson Herrera Ysla -- |
| Título |
After and before / |
| Mención de responsabilidad |
Marko Stamenkovic -- |
| Título |
O Brasil está no mapa? / |
| Mención de responsabilidad |
Ana Letícia Fialho -- |
| Título |
Arte menor, gambiarra e sotaque / |
| Mención de responsabilidad |
Moacir dos Anjos. |
| 700 1# - PUNTO DE ACCESO ADICIONAL--NOMBRE DE PERSONA |
| Nombre de persona |
Garcia dos Santos, Laymert |
| 9 (RLIN) |
73121 |
| 830 #0 - PUNTO DE ACCESO ADICIONAL DE SERIE-TÍTULO UNIFORME |
| Título uniforme |
Estudos da cultura ; |
| Nombre de parte o sección de la obra |
encontros |
| Designación de volumen o secuencia |
2 |
| 9 (RLIN) |
53023 |